| Tag |
First Indicator |
Second Indicator |
Subfields |
| LEADER |
00000cam a2200000Ia 4500 |
| 001 |
in00002781924 |
| 005 |
20150922103420.0 |
| 008 |
780213s1974 utua b 001 0 eng d |
| 035 |
|
|
|a (OCoLC)ocm03634136
|
| 035 |
|
|
|a (OCoLC)3634136
|
| 040 |
|
|
|a UUS
|c UUS
|d IXA
|d OCLCQ
|d SEA
|d TXA
|d UtOrBLW
|
| 043 |
|
|
|a n-us-wy
|
| 049 |
|
|
|a TXAM
|
| 050 |
|
4 |
|a QK195
|b .S529 1974
|
| 082 |
0 |
4 |
|a 581.978
|b Sh28
|
| 100 |
1 |
|
|a Shaw, Richard J.
|
| 245 |
1 |
0 |
|a Plants of Yellowstone and Grand Teton National Parks /
|c by Richard J. Shaw.
|
| 264 |
|
1 |
|a Salt Lake City :
|b Wheelwright Press,
|c [1974]
|
| 264 |
|
4 |
|c ©1974
|
| 300 |
|
|
|a xi, 159 pages :
|b color illustrations ;
|c 21 cm.
|
| 336 |
|
|
|a text
|b txt
|2 rdacontent
|
| 337 |
|
|
|a unmediated
|b n
|2 rdamedia
|
| 338 |
|
|
|a volume
|b nc
|2 rdacarrier
|
| 504 |
|
|
|a Includes bibliographical references (page 154) and index.
|
| 650 |
|
0 |
|a Botany
|z Wyoming
|z Grand Teton National Park.
|
| 650 |
|
0 |
|a Botany
|z Yellowstone National Park.
|
| 994 |
|
|
|a C0
|b TXA
|
| 948 |
|
|
|a cataloged
|b h
|c 2012/6/29
|d c
|e jlanham
|f 11:46:13 am
|
| 999 |
|
|
|a MARS
|
| 999 |
f |
f |
|s 7fe3e016-0273-35fc-9215-9f129ea8203b
|i 648dd6ef-a5f3-3be9-8ba9-5fcb9f20e1a1
|t 0
|
| 952 |
f |
f |
|p normal
|a Texas A&M University
|b College Station
|c Sterling C. Evans Library
|d Evans: Library Stacks
|t 0
|e QK195 .S529 1974
|h Library of Congress classification
|i unmediated -- volume
|m A14841235077
|
| 998 |
f |
f |
|a QK195 .S529 1974
|t 0
|l Evans: Library Stacks
|